000 00506nam a2200205Ia 4500
003 OSt
005 20220107122613.0
008 130318s9999 xx 000 0 und d
020 _a8181472063
040 _cIIITMK
082 _a004.65 PET/C
100 _aPeterson, Larry L
_910443
245 _aComputer networks: A systems approach
250 _a3
260 _bElsevier
_aNew Delhi
_c2003
300 _a813
650 _aCOMPUTER NETWORKS
_910444
700 _aDavie, Bruce S
_910445
942 _2ddc
_cBK
999 _c705
_d705